000
00294nam a22001337a 4500
008
181019b xxu||||| |||| 00| 0 eng d
020
_a
9780071767798
041
_a
eng
080
_a
573
100
_a
11
101
_a
BIO
245
_a
Easy Biology Step-by-Step
_c
Vivion,N
942
_2
udc
_c
BK
999
_c
50252
_d
50252